000 01103nam a22003017a 4500
001 BR6600324
003 BR-BrBNA
005 20230928083438.0
007 ta
008 230509b bl.||||| |||| 00| 0 por d
040 _aBR-BrBNA
_bpor
_cBiblioteca Nacional de Agricultura
041 _a(Por)
072 _aE30
_b/G514
090 _ E30 BR6600324
100 1 _aSzczepanik, E.F.
110 1 _aSubsecretaria de Planejamento e Orcamento, Brasilia, DF (Brasil);
110 1 _aInstituto Brasileiro de Desenvolvimento Florestal, Brasilia, DF;
_95726
110 1 _aFundacao Getulio Vargas, Rio de Janeiro, RJ (Brasil). Escola Interamericana de Administracao Publica
_94905
245 1 _aProgramas de desenvolvimento agricola: principais etapas de sua elaboracao [Brasil]
_bSeminario de Planejamento Agricola. Documento de suporte
260 3 _aRio de Janeiro, RJ (Brasil):
_c[nd].
300 _a29 p.
500 _aPublished after 1966
650 _aDESENVOLVIMENTO AGRICOLA
650 _aAGRICULTURA
650 _aPLANEJAMENTO AGRICOLA
909 _a202309
_bLucia
_c55
_dLucia Elande
942 _cBK
999 _c13518
_d13518